10 größte Städte Kolumbien - Statistiken

Allgemein
  • Dieses Quiz wurde 18 mal gespielt
  • Das Durchschnittsergebnis liegt bei 5 aus 10
Antwortstatistiken
Einwohner Antwort % Korrekt
7.968.000 Bogotá
100%
2.654.000 Medellín
94%
2.297.000 Cali
81%
1.066.000 Cartagena de Indias
69%
1.327.000 Barranquilla
63%
623.000 Bucaramanga
31%
796.000 San José de Cúcuta
25%
578.000 Bello
6%
831.000 Soacha
0%
693.000 Soledad
0%
Keine übereinstimmenden Quizze gefunden
Verteilung der Resultate
Anzahl Personen mit jedem Resultat
Perzentil nach korrekt beantworteten Fragen
Ihre Resultats-Entwicklung
Sie haben dieses Quiz noch nicht gespielt